Dios y el hombre: la creación
Tallennettuna:
| Päätekijä: | |
|---|---|
| Aineistotyyppi: | Kirja |
| Kieli: | espanja |
| Julkaistu: |
Madrid
Católica
1980
|
| Sarja: | Historia Salutis, 2. Fase Precristiana
Biblioteca de Autores Cristianos, 412 |
| Aiheet: | |
| Tagit: |
Lisää tagi
Ei tageja, Lisää ensimmäinen tagi!
|
MARC
| LEADER | 00000nam a2200000 a 4500 | ||
|---|---|---|---|
| 001 | UCK4965 | ||
| 003 | CL-VaPUC | ||
| 008 | 050701e19800000SP |||||||||||||||||spa|d | ||
| 020 | |a 842200948X | ||
| 082 | 0 | 4 | |a 231.765 |b VER |2 21 |
| 100 | 0 | |a Vergés, Salvador |e author |9 493619 | |
| 245 | 1 | 0 | |a Dios y el hombre: la creación |
| 300 | |a 677 p | ||
| 942 | |c BK | ||
| 945 | |d 20050701 00:00:00 |a jcarroza | ||
| 260 | |a Madrid |b Católica |c 1980 | ||
| 650 | 0 | |a Creación |9 313344 | |
| 650 | 0 | |a Dios |9 266622 | |
| 650 | 0 | |a Teología |9 258766 | |
| 583 | |a last modification |c 20050701 00:00:00 |k Rodrigo Vera | ||
| 490 | 0 | |a Historia Salutis, 2. Fase Precristiana | |
| 490 | 0 | |a Biblioteca de Autores Cristianos, 412 | |
| 999 | |c 313665 |d 313663 | ||
| 952 | |0 0 |1 0 |4 0 |6 231_765000000000000_VER_1980 |7 0 |8 A |9 385144 |a BIBTEO |b BIBTEO |d 2019-11-22 |i 210864K |o 231.765 VER 1980 |p 210864K |r 2025-01-17 |w 2019-11-22 |y BK |k ICR | ||